000 00288nam a22001217a 4500
003 OSt
008 150215b xxu||||| |||| 00| 0 eng d
100 1 _aBreul
041 _aeng
245 1 0 _aCassell's New German and English Dictionary
260 _bFunk and Wagnalls Company
300 _a0 pages
999 _c699
_d699